00435 2200181 4500001002100000005001500021035002000036008004100056245003400097100001700131250000600148260004300154300001200197084001400209082000800223650001000231990001200241INLIS00000000000003720240711093924 a0010-0424000013240711 1 ind 1 aSeputih Hatimu /cEko Hartomo aHartomo, Eko a1 aTegal :bPuput Happy Publishing,c2017 a320 hlm a800 EKO s a800 4aFiksi a0737344